000 00438nam a2200205Ia 4500
001 003858
003 YMCAF
005 20230512160236.0
008 100717s1971 ||||||||||||||||| ||und|d
024 _a3858
035 _a3863
040 _aYMCAF
_beng
_cIN-KoLT
041 _aeng
082 _aEXP-PRO
100 _aPROBERT S.D.
245 0 _aEXPERIMENT METHOD AND MEASUREMENT
260 _c1971
300 _a310
942 _2ddc
_cBK
999 _c3058
_d3058